Некоторые нелинейные задачи теории автоматического регулирования / (Record no. 503188)
[ view plain ]
| 000 -LEADER | |
|---|---|
| fixed length control field | 00994nam a2200217 a 4500 |
| 001 - CONTROL NUMBER | |
| control field | 000377160 |
| 003 - CONTROL NUMBER IDENTIFIER | |
| control field | AM-YeHGA |
| 005 - DATE AND TIME OF LATEST TRANSACTION | |
| control field | 20250617163229.0 |
| 008 - FIXED-LENGTH DATA ELEMENTS--GENERAL INFORMATION | |
| fixed length control field | 041103s1951 ||||||||||||||||||||rus d |
| 040 ## - CATALOGING SOURCE | |
| Original cataloging agency | AM-YeHGA |
| 041 0# - LANGUAGE CODE | |
| Language code of text/sound track or separate title | rus |
| 090 ## - LOCALLY ASSIGNED LC-TYPE CALL NUMBER (OCLC); LOCAL CALL NUMBER (RLIN) | |
| -- | 506605 |
| 100 1# - MAIN ENTRY--PERSONAL NAME | |
| Personal name | Лурье, А.И. |
| 245 10 - TITLE STATEMENT | |
| Title | Некоторые нелинейные задачи теории автоматического регулирования / |
| Statement of responsibility, etc. | А.И. Лурье ; Ред. А.И. Чекмарев. |
| 260 ## - PUBLICATION, DISTRIBUTION, ETC. | |
| Place of publication, distribution, etc. | Москва ; |
| -- | Ленинград : |
| Name of publisher, distributor, etc. | Гос. изд.-во технико-теорет. лит., |
| Date of publication, distribution, etc. | 1951. |
| 300 ## - PHYSICAL DESCRIPTION | |
| Extent | 216 с. |
| 440 #0 - SERIES STATEMENT/ADDED ENTRY--TITLE | |
| Title | Современные проблемы механики |
| 504 ## - BIBLIOGRAPHY, ETC. NOTE | |
| Bibliography, etc. note | Списки лит. в конце глав |
| 650 14 - SUBJECT ADDED ENTRY--TOPICAL TERM | |
| Topical term or geographic name entry element | Теория машиностроения (машиноведение). Механика как теоретическая основа машиностроения |
| 700 1# - ADDED ENTRY--PERSONAL NAME | |
| Personal name | Чекмарев, А.И. |
| Relator term | ред. |
| Relationship | edt |
| Withdrawn status | Lost status | Source of classification or shelving scheme | Damaged status | Not for loan | Collection | Home library | Current library | Date acquired | Total checkouts | Full call number | Barcode | Date last seen | Price effective from | Koha item type | Public note |
|---|---|---|---|---|---|---|---|---|---|---|---|---|---|---|---|
| Universal Decimal Classification | General | Fundamental Scientific Library | Fundamental Scientific Library | 22/01/2019 | РД II/33541 | FL0545022 | 22/01/2019 | 22/01/2019 | Գրքեր / Books | 30 Days Loan |
ՀՀ Գիտությունների ազգային ակադեմիայի հիմնարար գիտական գրադարան = Fundamental Scientific Library of NAS RA
All site content, except where otherwise noted, is licensed under a